logo

Bir Sreshtho Munshi Abdur Rouf Library
Jhenaidah Cadet College

বিশ্বের ৩৭ লেখকের ৫০টি গল্প / (Record no. 12652)

MARC details
000 -LEADER
fixed length control field 00809nam a2200217 a 4500
001 - CONTROL NUMBER
JCCL Control Number 12652
003 - CONTROL NUMBER IDENTIFIER
JCCL marc code BD-JhCC
005 - DATE AND TIME OF LATEST TRANSACTION
control field 20221027095328.0
008 - FIXED-LENGTH DATA ELEMENTS--GENERAL INFORMATION
fixed length control field 221027s2018 bg a|||| |||| 000 0 ban d
020 ## - INTERNATIONAL STANDARD BOOK NUMBER
International Standard Book Number 978984660104
035 ## - SYSTEM CONTROL NUMBER
system control number (BD-JhCC)12652
040 ## - CATALOGING SOURCE
Original cataloging agency BD-JhCC
Modifying agency BD-JhCC
041 ## - LANGUAGE CODE
Language code of Book Bangla
082 ## - DEWEY DECIMAL CLASSIFICATION NUMBER
Classification number 813.5
Author mark and Year VIS 2018
245 ## - TITLE STATEMENT
Title বিশ্বের ৩৭ লেখকের ৫০টি গল্প /
Statement of responsibility, etc অনুবাদক ড. ইমতিয়াজ হায়দার
260 ## - PUBLICATION, DISTRIBUTION, ETC. (IMPRINT)
Place of publication, distribution, etc ঢাকা :
Name of publisher, distributor, etc সুন্দরম,
Date of publication, distribution, etc ২০১৮
300 ## - PHYSICAL DESCRIPTION
Pagination ৩৯৭ পৃ. :
Other physical details চিত্রবলী সংযোজিত,
Dimensions ২২ সেমি.
650 ## - SUBJECT ADDED ENTRY--TOPICAL TERM
Topical term or geographic name as entry element Collection of Classic stories
700 ## - ADDED ENTRY--PERSONAL NAME
Personal name হায়দার, ড. ইমতিয়াজ
942 ## - ADDED ENTRY ELEMENTS (KOHA)
Source of classification or shelving scheme Dewey Decimal Classification
Koha item type Books
Holdings
Source of classification or shelving scheme Damaged status Not for loan Home library Current library Shelving location Date of accession Cost, normal purchase price Total Checkouts Full call number Barcode Date last seen Date checked out Copy number Koha item type
Dewey Decimal Classification     JCC Rouf Library JCC Rouf Library General Stacks 10/27/2022 360.00 3 813.5 VIS 2018 17099 11/20/2025 11/13/2025 C-1 Books

JCC Library | Contacts | JCC Home

Last Update on 23 September 2017
Copyright @ 2017-2020 JCC Rouf Library
Rouf Library, Jhenidah Cadet College (JCC), Bangladesh